[Event "ODJM A 2017"]
[Site "Willingen GER"]
[Date "2017.06.10"]
[Round "9"]
[White "von Estorff, Jacob"]
[Black "Pahl, Theis"]
[Result "1-0"]
[Termination "normal"]
[Board "32"]
[WhiteElo "1987"]
[BlackElo "1664"]
[PlyCount "133"]
[WhiteFideId "12974501"]
[BlackFideId "16201264"]
[EventCountry "GER"]
[EventRounds "9"]
[EventType "swiss"]
[EventDate "2017.06.03"]

1. e4 e5 2. Nf3 Nc6 3. d4 exd4 4. Nxd4 Nf6 5. Nxc6 bxc6 6. e5 Qe7 7. Qe2 Nd5 8.
Nd2 g6 9. Nf3 Qb4+ 10. Qd2 Qe4+ 11. Be2 Ba6 12. Kf1 Bxe2+ 13. Qxe2 Qxe2+ 14.
Kxe2 Bg7 15. Re1 O-O 16. Kf1 Rab8 17. Re2 Rfe8 18. c3 f6 19. exf6 Rxe2 20. Kxe2
Bxf6 21. Kd3 Kg7 22. Kc2 Re8 23. Bd2 c5 24. Re1 Rxe1 25. Nxe1 Kf7 26. Nd3 c4
27. Nc5 Ke7 28. Nb7 Be5 29. g3 Nb6 30. Be3 d5 31. Nc5 Kd6 32. Kd2 Kc6 33. Ne6
Bd6 34. Nd4+ Kd7 35. Nb5 Nc8 36. Nxa7 Nxa7 37. Bxa7 c5 38. Bb6 Be7 39. a4 Kc6
40. a5 Bf6 41. Ke3 Kb5 42. f4 Bg7 43. g4 Bf6 44. h3 Bg7 45. Bd8 d4+ 46. Kd2 Bh6
47. Bc7 Bf8 48. f5 gxf5 49. gxf5 d3 50. f6 Ka6 51. Bd8 Kb5 52. Be7 Bh6+ 53. Kd1
Bg5 54. Bd8 Bh6 55. h4 Bf4 56. Be7 Kxa5 57. f7 Bh6 58. f8=Q Bxf8 59. Bxf8 Kb5
60. Kd2 Kc6 61. Bh6 Kd5 62. Ke3 Ke5 63. Bf4+ Kd5 64. h5 Kc6 65. Ke4 Kb6 66. Kd5
Kb5 67. Bd2 1-0

[Event "ODJM A 2017"]
[Site "Willingen GER"]
[Date "2017.06.10"]
[Round "9"]
[White "Schlick, Stefan"]
[Black "Thumm, Niklas"]
[Result "1-0"]
[Termination "normal"]
[Board "33"]
[WhiteElo "2012"]
[BlackElo "1772"]
[PlyCount "43"]
[WhiteFideId "16211332"]
[BlackFideId "12918733"]
[EventCountry "GER"]
[EventRounds "9"]
[EventType "swiss"]
[EventDate "2017.06.03"]

1. d4 c5 2. d5 g6 3. e4 Bg7 4. c4 d6 5. Nc3 e6 6. f4 Ne7 7. Nf3 exd5 8. cxd5 a6
9. a4 Nd7 10. Be2 f5 11. Ng5 Nf8 12. Bf3 fxe4 13. Bxe4 Bf5 14. g4 Bxe4 15.
Ncxe4 h6 16. Nf3 Qb6 17. O-O O-O-O 18. Re1 Ng8 19. Rb1 Nf6 20. Nfd2 Nxd5 21.
Nc4 Qc6 22. Qxd5 1-0

[Event "ODJM A 2017"]
[Site "Willingen GER"]
[Date "2017.06.10"]
[Round "9"]
[White "Zell, Mirjam"]
[Black "Wensing, Maximilian"]
[Result "1-0"]
[Termination "normal"]
[Board "34"]
[WhiteElo "1669"]
[BlackElo "1922"]
[PlyCount "91"]
[WhiteFideId "16208544"]
[BlackFideId "16222415"]
[EventCountry "GER"]
[EventRounds "9"]
[EventType "swiss"]
[EventDate "2017.06.03"]

1. e4 c5 2. Nf3 d6 3. Bb5+ Nd7 4. Bd3 Ngf6 5. O-O e6 6. Re1 Be7 7. c3 O-O 8.
Bc2 b6 9. a4 Qc7 10. d3 h6 11. Na3 a6 12. Be3 Re8 13. d4 Bb7 14. Bd2 Rac8 15.
Rc1 Qb8 16. h3 Bc6 17. Bf4 Nf8 18. Nc4 cxd4 19. cxd4 b5 20. axb5 axb5 21. Ncd2
Qb7 22. e5 Nd5 23. Bh2 dxe5 24. dxe5 Red8 25. Qe2 Nb4 26. Bb1 Rd7 27. Ne4 Rcd8
28. Nd6 Bxd6 29. exd6 Bxf3 30. gxf3 Rxd6 31. Bxd6 Rxd6 32. Be4 Qe7 33. Kh2 Qh4
34. Rg1 f5 35. Bb1 Nd5 36. Rg3 Qf4 37. Rcg1 Rd7 38. Ba2 Qd6 39. Bxd5 Qxd5 40.
Qe3 Kh7 41. Qa3 Rf7 42. Qc3 e5 43. f4 Nd7 44. fxe5 Nxe5 45. f4 b4 46. Qxe5 1-0

[Event "ODJM A 2017"]
[Site "Willingen GER"]
[Date "2017.06.10"]
[Round "9"]
[White "Kornitzky, Tino"]
[Black "Gallasch, Robin"]
[Result "1-0"]
[Termination "normal"]
[Board "35"]
[WhiteElo "1996"]
[BlackElo "1562"]
[PlyCount "53"]
[WhiteFideId "12970379"]
[BlackFideId "16222423"]
[EventCountry "GER"]
[EventRounds "9"]
[EventType "swiss"]
[EventDate "2017.06.03"]

1. d4 Nf6 2. c4 g6 3. Nc3 Bg7 4. e4 d6 5. Nf3 O-O 6. Be2 c5 7. d5 e6 8. O-O
exd5 9. cxd5 a6 10. a4 Bg4 11. Nd2 Bxe2 12. Qxe2 Nfd7 13. f4 Re8 14. Qd3 g5 15.
fxg5 Ne5 16. Qg3 Nbd7 17. Nd1 Ng6 18. Ra3 Be5 19. Qf3 Bd4+ 20. Kh1 Nde5 21. Qh5
Nd7 22. Rxf7 Bg7 23. Rff3 Nde5 24. Rh3 h6 25. Nf3 Nxf3 26. gxf3 Qd7 27. gxh6
1-0

[Event "ODJM A 2017"]
[Site "Willingen GER"]
[Date "2017.06.10"]
[Round "9"]
[White "Kracht, Raphael"]
[Black "Munkhjargal, Narmandakh"]
[Result "1-0"]
[Termination "normal"]
[Board "36"]
[WhiteElo "1682"]
[BlackElo "1957"]
[PlyCount "112"]
[WhiteFideId "16214382"]
[BlackFideId "4903382"]
[EventCountry "GER"]
[EventRounds "9"]
[EventType "swiss"]
[EventDate "2017.06.03"]

1. e4 c5 2. d4 cxd4 3. c3 dxc3 4. Nxc3 Nc6 5. Nf3 d6 6. Bc4 Nf6 7. e5 dxe5 8.
Qxd8+ Nxd8 9. Nb5 Rb8 10. Nxe5 e6 11. Nc7+ Ke7 12. Be3 b6 13. O-O-O h6 14. Rxd8
Kxd8 15. Nxf7+ Kxc7 16. Bf4+ Kb7 17. Nxh8 Ra8 18. Nf7 Bd7 19. Kb1 Bc6 20. Rd1
Bd5 21. Bxd5+ Nxd5 22. Bg3 Bc5 23. f3 Rf8 24. Ne5 Rd8 25. Rd3 Rc8 26. Nc4 Be7
27. Nd6+ Bxd6 28. Bxd6 Rc6 29. Be5 g6 30. b3 a5 31. Kb2 Nb4 32. Rd2 Kc8 33. a3
Nd5 34. Bd4 Kd7 35. Rc2 Nf4 36. Rxc6 Kxc6 37. Be3 Nxg2 38. Bxh6 Kd5 39. Kc3 e5
40. Bg5 Ne1 41. f4 e4 42. Bd8 e3 43. Bxb6 Ke4 44. Bxa5 Nf3 45. Kc2 e2 46. a4
e1=Q 47. Bxe1 Nxe1+ 48. Kc3 Nd3 49. a5 Nxf4 50. a6 Nd5+ 51. Kc4 Nc7 52. a7 Ke5
53. Kc5 Ne6+ 54. Kc6 Nd4+ 55. Kb7 Nxb3 56. a8=Q Nc5+ 1-0

[Event "ODJM A 2017"]
[Site "Willingen GER"]
[Date "2017.06.10"]
[Round "9"]
[White "Elier, Ali"]
[Black "Wieber, Dominik"]
[Result "1-0"]
[Termination "normal"]
[Board "37"]
[WhiteElo "1931"]
[BlackElo "1818"]
[PlyCount "69"]
[WhiteFideId "16217543"]
[BlackFideId "24699012"]
[EventCountry "GER"]
[EventRounds "9"]
[EventType "swiss"]
[EventDate "2017.06.03"]

1. e4 e5 2. Nf3 Nc6 3. Bc4 Bc5 4. b4 Bxb4 5. c3 Ba5 6. d4 exd4 7. Qb3 Qe7 8.
O-O Bb6 9. Ba3 d6 10. cxd4 Nxd4 11. Nxd4 Bxd4 12. Nc3 Nf6 13. Rad1 c5 14. Nb5
O-O 15. Nxd4 cxd4 16. Rxd4 Qe5 17. Rxd6 Nxe4 18. Bxf7+ Kh8 19. Rd5 Be6 20. Rxe5
Bxb3 21. Bxb3 Rfe8 22. Rxe8+ Rxe8 23. Re1 Nf6 24. Rc1 b5 25. f3 h5 26. Rc7 a5
27. Bb2 a4 28. Bc2 Re1+ 29. Kf2 Re8 30. h3 Rd8 31. g4 g5 32. Bxf6+ Kg8 33. Bh7+
Kf8 34. Bg7+ Ke8 35. Bg6# 1-0

[Event "ODJM A 2017"]
[Site "Willingen GER"]
[Date "2017.06.10"]
[Round "9"]
[White "Herbrig, Marie-Helén"]
[Black "Melde, Benjamin"]
[Result "0-1"]
[Termination "normal"]
[Board "38"]
[WhiteElo "1884"]
[BlackElo "1781"]
[PlyCount "146"]
[WhiteFideId "12900427"]
[BlackFideId "12958816"]
[EventCountry "GER"]
[EventRounds "9"]
[EventType "swiss"]
[EventDate "2017.06.03"]

1. d4 Nf6 2. Nf3 g6 3. Bf4 Bg7 4. c3 O-O 5. e3 d6 6. Bd3 Nbd7 7. Bg3 c5 8. Nbd2
b6 9. O-O Bb7 10. Re1 Rc8 11. e4 cxd4 12. cxd4 Nh5 13. Bh4 Nf4 14. Bf1 Nf6 15.
Qb3 Ne6 16. Bc4 d5 17. Bd3 dxe4 18. Nxe4 Bxe4 19. Bxe4 Nxd4 20. Nxd4 Qxd4 21.
Rad1 Qc4 22. Qf3 Rfd8 23. Bxf6 Bxf6 24. Bd5 Qb4 25. Bb3 Rd4 26. Rc1 Rcd8 27. h3
Kg7 28. Re2 Rd2 29. Rc4 Qd6 30. Rc6 Qxc6 31. Qxc6 Rxe2 32. Qc4 Re6 33. Kh2 Rf8
34. f4 Rd6 35. Qa6 Bxb2 36. Qxa7 Bf6 37. Qc7 Rfd8 38. Qc4 e6 39. Qc1 Rd2 40.
Qc7 R8d6 41. Kg3 R6d3+ 42. Kh2 Bh4 43. Qc1 Bg3+ 44. Kg1 Bxf4 45. Qf1 Bg3 46.
Qa1+ Kg8 47. Qc1 b5 48. Kf1 h5 49. Bc2 Rd4 50. Bb3 h4 51. Qc8+ Kh7 52. Qc6 Rf4+
53. Kg1 Rdf2 54. Qxb5 Rf1+ 55. Qxf1 Bh2+ 56. Kxh2 Rxf1 57. Bc4 Rc1 58. Bb5 f5
59. a4 Ra1 60. Bc6 e5 61. Bd7 Ra2 62. Bb5 Kg7 63. Be8 Kf6 64. Bd7 e4 65. Bb5
Ke5 66. Kg1 Kf4 67. Kh2 e3 68. Bd3 Rxa4 69. Be2 Ra2 70. Bf3 e2 71. Bxe2 Rxe2
72. Kg1 Kg3 73. Kf1 Re3 0-1

[Event "ODJM A 2017"]
[Site "Willingen GER"]
[Date "2017.06.10"]
[Round "9"]
[White "Schäfer, Nicolas"]
[Black "Irkilmez, Yakub"]
[Result "0-1"]
[Termination "normal"]
[Board "40"]
[WhiteElo "1656"]
[BlackElo "1921"]
[PlyCount "62"]
[WhiteFideId "12988901"]
[BlackFideId "16204581"]
[EventCountry "GER"]
[EventRounds "9"]
[EventType "swiss"]
[EventDate "2017.06.03"]

1. Nf3 Nf6 2. c4 g6 3. Nc3 d5 4. cxd5 Nxd5 5. Qa4+ Nc6 6. Qb3 Nxc3 7. Qxc3 f6
8. d4 e5 9. a3 exd4 10. Qb3 Qd6 11. g3 Qe6 12. Qxe6+ Bxe6 13. Bf4 O-O-O 14. Rd1
g5 15. Bc1 Bb3 16. Rd3 Bc4 17. Rd1 Bc5 18. b4 Bb6 19. Bb2 Rhe8 20. Ba1 g4 21.
Nh4 Ne5 22. Kd2 Bd5 23. Rg1 Nc4+ 24. Kc1 Nxa3 25. Bxd4 Bb3 26. Rd3 Bxd4 27.
Rxb3 Bxf2 28. Rh1 Be3+ 29. Kb2 Nc4+ 30. Kc3 Nd2 31. Ra3 Nb1+ 0-1

[Event "ODJM A 2017"]
[Site "Willingen GER"]
[Date "2017.06.10"]
[Round "9"]
[White "Hofmann, Marko"]
[Black "Wissing, Philipp"]
[Result "1/2-1/2"]
[Termination "normal"]
[Board "41"]
[WhiteElo "1837"]
[BlackElo "1749"]
[PlyCount "46"]
[WhiteFideId "12935875"]
[BlackFideId "12993654"]
[EventCountry "GER"]
[EventRounds "9"]
[EventType "swiss"]
[EventDate "2017.06.03"]

1. d4 d5 2. e4 dxe4 3. Nc3 c6 4. f3 e3 5. Bxe3 Bf5 6. g4 Bg6 7. h4 h5 8. g5 e6
9. Bd3 Ne7 10. Bxg6 Nxg6 11. Qd3 Bd6 12. Nge2 Qc7 13. O-O-O Nf4 14. Nxf4 Bxf4
15. g6 f6 16. Kb1 Bd6 17. d5 exd5 18. Nxd5 cxd5 19. Qxd5 Nc6 20. Qxd6 Qxd6 21.
Rxd6 Rd8 22. Rxd8+ Kxd8 23. Rd1+ Kc8 1/2-1/2

[Event "ODJM A 2017"]
[Site "Willingen GER"]
[Date "2017.06.10"]
[Round "9"]
[White "Pölt, Christoph"]
[Black "Täschner, Simon"]
[Result "1-0"]
[Termination "normal"]
[Board "42"]
[WhiteElo "1905"]
[BlackElo "1806"]
[PlyCount "95"]
[WhiteFideId "12960853"]
[BlackFideId "1270971"]
[EventCountry "GER"]
[EventRounds "9"]
[EventType "swiss"]
[EventDate "2017.06.03"]

1. d4 Nf6 2. c4 g6 3. Nc3 Bg7 4. e4 d6 5. Nf3 O-O 6. Be2 e5 7. d5 a5 8. Bg5 Na6
9. O-O Nc5 10. Qc2 h6 11. Be3 Ncd7 12. Nd2 Ne8 13. a3 f5 14. f3 f4 15. Bf2 Rf7
16. b4 Bf8 17. Na4 g5 18. c5 Ndf6 19. cxd6 cxd6 20. Nb6 Rb8 21. Rfc1 Rc7 22.
Qb2 Rg7 23. Nxc8 Rxc8 24. Rxc8 Qxc8 25. Rc1 Qd7 26. Qc3 g4 27. Qc8 Qxc8 28.
Rxc8 gxf3 29. Bxf3 axb4 30. axb4 Rc7 31. Rxc7 Nxc7 32. Be2 Be7 33. b5 Kf7 34.
Bd3 Bd8 35. Nb3 Nce8 36. h3 Kg6 37. Kf1 Nd7 38. Ke2 b6 39. Nd2 Nc5 40. Bxc5
bxc5 41. Nc4 Kf7 42. b6 Kf8 43. Kf3 Nf6 44. Nxd6 Bxb6 45. Nc4 Bd8 46. Nxe5 Kg7
47. d6 Ng8 48. Nc6 1-0

[Event "ODJM A 2017"]
[Site "Willingen GER"]
[Date "2017.06.10"]
[Round "9"]
[White "Oberhofer, Marie"]
[Black "Knüdel, Torben"]
[Result "0-1"]
[Termination "normal"]
[Board "43"]
[WhiteElo "1599"]
[BlackElo "1845"]
[PlyCount "80"]
[WhiteFideId "12938165"]
[BlackFideId "16208820"]
[EventCountry "GER"]
[EventRounds "9"]
[EventType "swiss"]
[EventDate "2017.06.03"]

1. e4 c5 2. Nf3 e6 3. d4 cxd4 4. Nxd4 a6 5. Bd3 Ne7 6. O-O Nbc6 7. Nb3 Ng6 8.
Be3 Qc7 9. Nc3 Be7 10. f4 b5 11. a3 Bb7 12. f5 Nge5 13. fxe6 dxe6 14. Qh5 Bd6
15. Nc5 O-O 16. Nxb7 Qxb7 17. Rf4 Ng6 18. Rf3 h6 19. Raf1 Qc7 20. Ne2 Nce5 21.
Rh3 Bc5 22. Kh1 Bxe3 23. Rxe3 Qc5 24. Rh3 Nxd3 25. cxd3 Qxh5 26. Rxh5 Rac8 27.
Nc3 Rfd8 28. Rh3 Rd7 29. Rd1 Rcd8 30. Ne2 Ne5 31. d4 Nc4 32. b4 e5 33. d5 Nd6
34. Re3 Rc7 35. h3 Rdc8 36. Rdd3 Rc4 37. Nc3 Rd4 38. Kg1 Rcc4 39. Kf2 Rxd3 40.
Rxd3 Rxc3 0-1

[Event "ODJM A 2017"]
[Site "Willingen GER"]
[Date "2017.06.10"]
[Round "9"]
[White "Teschler, Ansgar"]
[Black "Petersen, Finn Christopher"]
[Result "0-1"]
[Termination "normal"]
[Board "44"]
[WhiteElo "1791"]
[BlackElo "1720"]
[PlyCount "52"]
[WhiteFideId "16231139"]
[BlackFideId "12964840"]
[EventCountry "GER"]
[EventRounds "9"]
[EventType "swiss"]
[EventDate "2017.06.03"]

1. d4 d5 2. c4 e5 3. dxe5 d4 4. Nf3 Nc6 5. a3 Nge7 6. b4 Ng6 7. Bb2 Be6 8. e3
Ngxe5 9. Nxe5 Nxe5 10. c5 Nc6 11. exd4 Qd5 12. b5 Na5 13. Nc3 Qg5 14. g3 Rd8
15. Qf3 Nb3 16. Rd1 Nxd4 17. Rxd4 Rxd4 18. Ne4 Rxe4+ 19. Qxe4 Bxc5 20. Bg2 O-O
21. O-O b6 22. Rd1 Re8 23. Qc6 Rd8 24. Rxd8+ Qxd8 25. Be5 Qd1+ 26. Bf1 Bh3 0-1

[Event "ODJM A 2017"]
[Site "Willingen GER"]
[Date "2017.06.10"]
[Round "9"]
[White "Bethke, Robert"]
[Black "Adelmeyer, Matti"]
[Result "1/2-1/2"]
[Termination "normal"]
[Board "45"]
[WhiteElo "1864"]
[BlackElo "1677"]
[PlyCount "43"]
[WhiteFideId "12959251"]
[BlackFideId "12962520"]
[EventCountry "GER"]
[EventRounds "9"]
[EventType "swiss"]
[EventDate "2017.06.03"]

1. c4 e5 2. Nc3 Nc6 3. g3 Nf6 4. Bg2 g6 5. Nf3 Bg7 6. O-O O-O 7. d3 d6 8. Rb1
a5 9. a3 Be6 10. b4 axb4 11. axb4 h6 12. b5 Ne7 13. Bb2 Qd7 14. Re1 Bh3 15. Bh1
Kh7 16. Qc2 Nh5 17. Nd2 Rab8 18. Ba3 b6 19. Bf3 Bg4 20. Bg2 Bh3 21. Bf3 Bg4 22.
Bg2 1/2-1/2

[Event "ODJM A 2017"]
[Site "Willingen GER"]
[Date "2017.06.10"]
[Round "9"]
[White "Hetzner, Hannes"]
[Black "Kreutz, Jonas"]
[Result "1-0"]
[Termination "normal"]
[Board "46"]
[WhiteElo "1602"]
[BlackElo "1926"]
[PlyCount "51"]
[WhiteFideId "16211936"]
[BlackFideId "12970697"]
[EventCountry "GER"]
[EventRounds "9"]
[EventType "swiss"]
[EventDate "2017.06.03"]

1. e4 e6 2. d4 d5 3. Nd2 Nc6 4. Ngf3 Nf6 5. e5 Nd7 6. Bb5 a6 7. Bxc6 bxc6 8.
Nb3 c5 9. Bg5 Be7 10. Na5 Nxe5 11. Nxe5 Bxg5 12. dxc5 O-O 13. O-O Bf6 14. f4
Qe7 15. Qd4 g6 16. Kh1 Bg7 17. Rf3 Bd7 18. c4 Bxe5 19. fxe5 c6 20. Nb7 a5 21.
Nd6 Bc8 22. Raf1 Ba6 23. Rf6 Bxc4 24. R1f3 Bxa2 25. Qh4 Rab8 26. Rxg6+ 1-0

[Event "ODJM A 2017"]
[Site "Willingen GER"]
[Date "2017.06.10"]
[Round "9"]
[White "Kostanyan, Hakob"]
[Black "Hinrichs, Paul"]
[Result "0-1"]
[Termination "normal"]
[Board "47"]
[WhiteElo "1737"]
[BlackElo "1916"]
[PlyCount "70"]
[WhiteFideId "12977683"]
[BlackFideId "12942545"]
[EventCountry "GER"]
[EventRounds "9"]
[EventType "swiss"]
[EventDate "2017.06.03"]

1. e4 e5 2. Nf3 Nc6 3. Nc3 Nf6 4. Be2 d5 5. exd5 Nxd5 6. O-O Nxc3 7. bxc3 e4 8.
Ne1 Bf5 9. d4 Bd6 10. Rb1 Rb8 11. f4 O-O 12. Be3 Bc8 13. f5 Ne7 14. Bg4 Nd5 15.
Qd2 Qh4 16. Bh3 h6 17. c4 Nf6 18. c5 Be7 19. Rf4 Qh5 20. Rb3 g5 21. g4 Qxh3 22.
Bf2 Qxb3 23. axb3 gxf4 24. Qxf4 Kh7 25. h3 Re8 26. c4 b5 27. Qxc7 Rb7 28. Qe5
bxc4 29. bxc4 Rb1 30. d5 Rxe1+ 31. Kg2 Re2 32. Kf1 Rxf2+ 33. Ke1 e3 34. Qc7 e2
35. d6 Rf1+ 0-1

[Event "ODJM A 2017"]
[Site "Willingen GER"]
[Date "2017.06.10"]
[Round "9"]
[White "Arnold, Leander"]
[Black "Brunner, Tobias"]
[Result "0-1"]
[Termination "normal"]
[Board "48"]
[WhiteElo "1625"]
[BlackElo "1841"]
[PlyCount "52"]
[WhiteFideId "12990230"]
[BlackFideId "12949833"]
[EventCountry "GER"]
[EventRounds "9"]
[EventType "swiss"]
[EventDate "2017.06.03"]

1. d4 f5 2. Nf3 Nf6 3. Bf4 e6 4. e3 b6 5. Bd3 Bb7 6. Nbd2 Be7 7. h3 c5 8. c3
Na6 9. g4 g6 10. Rg1 Nd5 11. Bh2 cxd4 12. exd4 fxg4 13. Rxg4 Nf6 14. Rg1 Nc7
15. Qc2 d6 16. O-O-O Qd7 17. Rde1 O-O-O 18. Re2 Rhf8 19. Rge1 Nfd5 20. Ne4 Rxf3
21. Bc4 Rdf8 22. Bg3 Nf4 23. Bxf4 R3xf4 24. Ng3 d5 25. Bd3 Bg5 26. Kb1 Qf7 0-1

[Event "ODJM A 2017"]
[Site "Willingen GER"]
[Date "2017.06.10"]
[Round "9"]
[White "Udaykumar, Arunn Mark"]
[Black "Noever, Niklas"]
[Result "1/2-1/2"]
[Termination "normal"]
[Board "49"]
[WhiteElo "1793"]
[BlackElo "1628"]
[PlyCount "87"]
[WhiteFideId "12965456"]
[BlackFideId "12988642"]
[EventCountry "GER"]
[EventRounds "9"]
[EventType "swiss"]
[EventDate "2017.06.03"]

1. b4 d5 2. Bb2 Nf6 3. Nf3 Bf5 4. g3 e6 5. a3 Nbd7 6. Bg2 h6 7. O-O Be7 8. d3
O-O 9. Nbd2 c5 10. b5 a6 11. bxa6 Rxa6 12. Ne5 b5 13. e4 Bh7 14. exd5 exd5 15.
Ndf3 Qc7 16. Re1 Rfa8 17. Qe2 Re6 18. Qd2 Nxe5 19. Nxe5 Bd6 20. f4 Rae8 21. c4
bxc4 22. dxc4 d4 23. Nd3 Bxd3 24. Rxe6 Rxe6 25. Qxd3 Qe7 26. Kf1 Bc7 27. Qd2
Ng4 28. Bf3 Ne3+ 29. Kf2 Nxc4 30. Qc2 Nxb2 31. Qxb2 Rb6 32. Qd2 Qd8 33. Be2 Rb3
34. Bc4 Ba5 35. Qa2 Re3 36. Bxf7+ Kf8 37. Bh5 Re7 38. Qc4 Qb6 39. Rc1 Qb2+ 40.
Rc2 Qxa3 41. Qxc5 Qxc5 42. Rxc5 Ra7 43. Rf5+ Kg8 44. Bf7+ 1/2-1/2

[Event "ODJM A 2017"]
[Site "Willingen GER"]
[Date "2017.06.10"]
[Round "9"]
[White "Gutschenreiter, Donato"]
[Black "Behringer, Tom"]
[Result "0-1"]
[Termination "normal"]
[Board "50"]
[WhiteElo "1701"]
[BlackElo "1840"]
[PlyCount "94"]
[WhiteFideId "12975540"]
[BlackFideId "16203496"]
[EventCountry "GER"]
[EventRounds "9"]
[EventType "swiss"]
[EventDate "2017.06.03"]

1. e4 e6 2. d3 d5 3. Nd2 c5 4. Ngf3 Nc6 5. g3 Bd6 6. Bg2 Nge7 7. O-O O-O 8. Re1
Qc7 9. Nh4 d4 10. f4 e5 11. f5 b5 12. a4 Bd7 13. axb5 Nb4 14. Nc4 Bxb5 15. Na3
a6 16. Qg4 f6 17. Bh6 Nec6 18. Bd2 Na5 19. Nxb5 axb5 20. Bxb4 cxb4 21. Rec1
Rfc8 22. Nf3 b3 23. cxb3 Qxc1+ 24. Rxc1 Rxc1+ 25. Bf1 Nxb3 26. Qh5 Nc5 27. Kg2
Rc2+ 28. Kh3 Rf2 29. Be2 Rxe2 30. Ng5 Rxh2+ 31. Kxh2 fxg5 32. Qxg5 Nxd3 33. f6
g6 34. Qg4 Nc5 35. b4 Nb7 36. Qd7 Bf8 37. Qxb7 Rd8 38. Qxb5 d3 39. Qc4+ Kh8 40.
Qc7 Rd6 41. Qc3 d2 42. Qxe5 Kg8 43. f7+ Kxf7 44. Qf4+ Kg8 45. e5 Rd8 46. e6
d1=Q 47. Qf7+ Kh8 0-1

[Event "ODJM A 2017"]
[Site "Willingen GER"]
[Date "2017.06.10"]
[Round "9"]
[White "Kruglikova, Viktorija"]
[Black "Verhufen, Hendrik"]
[Result "1-0"]
[Termination "normal"]
[Board "51"]
[WhiteElo "1788"]
[BlackElo "1408"]
[PlyCount "55"]
[WhiteFideId "34120596"]
[BlackFideId "12975818"]
[EventCountry "GER"]
[EventRounds "9"]
[EventType "swiss"]
[EventDate "2017.06.03"]

1. e4 e5 2. Nf3 d6 3. Bc4 Be7 4. Nc3 Nf6 5. O-O O-O 6. d4 exd4 7. Nxd4 Nbd7 8.
Re1 Ne5 9. Bb3 c5 10. Nde2 Bg4 11. f3 Bxf3 12. gxf3 Nxf3+ 13. Kh1 Nxe1 14. Qxe1
Nh5 15. Qg1 Qc8 16. Nd5 Re8 17. Ba4 Qe6 18. Bxe8 Rxe8 19. Nec3 Bd8 20. Bg5 Nf6
21. Bxf6 Bxf6 22. Nc7 Qd7 23. Nxe8 Qxe8 24. Qg4 h6 25. Rd1 Qe5 26. Nd5 Bg5 27.
Qc8+ Kh7 28. Qf5+ 1-0

[Event "ODJM A 2017"]
[Site "Willingen GER"]
[Date "2017.06.10"]
[Round "9"]
[White "Weinkauf, Viktor"]
[Black "Bilecen, Simon"]
[Result "1-0"]
[Termination "normal"]
[Board "52"]
[WhiteElo "1732"]
[BlackElo "1557"]
[PlyCount "41"]
[WhiteFideId "1272036"]
[BlackFideId "16225511"]
[EventCountry "GER"]
[EventRounds "9"]
[EventType "swiss"]
[EventDate "2017.06.03"]

1. d4 Nf6 2. Nf3 g6 3. c4 Bg7 4. Nc3 O-O 5. e4 d6 6. Be2 Nbd7 7. O-O c5 8. d5
h6 9. h3 Ne8 10. Bf4 f5 11. exf5 Rxf5 12. Qd2 Kh7 13. Bd3 Rf6 14. Nh4 Nf8 15.
Rae1 Nc7 16. Ne4 Rf7 17. Ng3 Rf6 18. Nh5 Rf7 19. Nxg7 Rxg7 20. Bxh6 Rg8 21. Qg5
1-0

[Event "ODJM A 2017"]
[Site "Willingen GER"]
[Date "2017.06.10"]
[Round "9"]
[White "Cejda, Moritz"]
[Black "Grunert, Friedrich"]
[Result "1/2-1/2"]
[Termination "normal"]
[Board "53"]
[WhiteElo "1684"]
[BlackElo "1805"]
[PlyCount "86"]
[WhiteFideId "12925152"]
[BlackFideId "12995592"]
[EventCountry "GER"]
[EventRounds "9"]
[EventType "swiss"]
[EventDate "2017.06.03"]

1. d4 Nf6 2. Nf3 g6 3. c4 Bg7 4. Nc3 O-O 5. Bg5 d6 6. e4 Nbd7 7. Be2 e5 8. O-O
Qe8 9. Nb5 Qd8 10. dxe5 dxe5 11. Qc2 a6 12. Nc3 c6 13. Rad1 Qc7 14. Rd2 Nc5 15.
Rfd1 Ne6 16. Bxf6 Bxf6 17. b4 Bg7 18. h3 Nf4 19. Bf1 Qe7 20. b5 Be6 21. Ne2
axb5 22. Nxf4 exf4 23. cxb5 cxb5 24. Bxb5 Rxa2 25. Qd3 Rxd2 26. Rxd2 Rc8 27.
Qe2 Qc5 28. Bd7 Bxd7 29. Rxd7 b5 30. Rd5 Qc4 31. Qxc4 bxc4 32. e5 Bf8 33. Rd2
c3 34. Rc2 Bb4 35. Kf1 Ba5 36. Ke2 Kf8 37. Kd3 Ke7 38. Ke4 Rc4+ 39. Kd5 Rc8 40.
Ke4 Rb8 41. Nd4 Kd7 42. Kd3 Rb1 43. Kc4 h6 1/2-1/2

[Event "ODJM A 2017"]
[Site "Willingen GER"]
[Date "2017.06.10"]
[Round "9"]
[White "Leser, Stefan"]
[Black "Klugstedt, Vincent"]
[Result "1-0"]
[Termination "normal"]
[Board "54"]
[WhiteElo "1817"]
[BlackElo "1636"]
[PlyCount "59"]
[WhiteFideId "12997706"]
[BlackFideId "16216393"]
[EventCountry "GER"]
[EventRounds "9"]
[EventType "swiss"]
[EventDate "2017.06.03"]

1. e4 c5 2. Nf3 Nc6 3. d4 cxd4 4. Nxd4 g6 5. c4 Nf6 6. Nc3 d6 7. Be2 Nxd4 8.
Qxd4 Bg7 9. Be3 O-O 10. Qd2 Be6 11. Rc1 Rc8 12. b3 a6 13. f3 Qa5 14. O-O Rc7
15. b4 Qh5 16. Nd1 Bd7 17. Nf2 Qe5 18. Bf4 Qe6 19. c5 Ne8 20. Bc4 Qf6 21. Bg5
Qb2 22. Rc2 Qe5 23. f4 Qd4 24. Qe2 Bb5 25. Bxb5 axb5 26. a3 Nf6 27. Rd1 Nxe4
28. Rxd4 Nxg5 29. Rd1 dxc5 30. fxg5 1-0

[Event "ODJM A 2017"]
[Site "Willingen GER"]
[Date "2017.06.10"]
[Round "9"]
[White "Ebeling, Leander"]
[Black "Bayer, Martin"]
[Result "1-0"]
[Termination "normal"]
[Board "55"]
[WhiteElo "1630"]
[BlackElo "1751"]
[PlyCount "107"]
[WhiteFideId "16223179"]
[BlackFideId "16206924"]
[EventCountry "GER"]
[EventRounds "9"]
[EventType "swiss"]
[EventDate "2017.06.03"]

1. e4 e5 2. Nf3 Nc6 3. Bc4 Nf6 4. O-O Bc5 5. d4 Bxd4 6. Nxd4 Nxd4 7. f4 d6 8.
fxe5 dxe5 9. Bg5 Be6 10. Na3 Qd7 11. Bxf6 gxf6 12. c3 Bxc4 13. Nxc4 Nc6 14.
Qxd7+ Kxd7 15. Rxf6 Ke7 16. Raf1 Raf8 17. R1f5 Rhg8 18. Rh6 f6 19. Rxh7+ Rf7
20. Rxf7+ Kxf7 21. Kf2 b5 22. Ne3 Ne7 23. Rf3 c6 24. h3 Ke6 25. g4 Ng6 26. Ng2
Rd8 27. Ke2 Ne7 28. Rd3 Rh8 29. Kf2 Nc8 30. h4 Nd6 31. Kf3 Rg8 32. Ne3 Rh8 33.
b4 Rh7 34. h5 Rd7 35. Nf5 Nf7 36. Rxd7 Kxd7 37. h6 Ng5+ 38. Ke3 Ke6 39. Kd3 a6
40. c4 Kf7 41. c5 Nh7 42. Nd6+ Kg6 43. Nc8 Kxh6 44. Ne7 Ng5 45. Nxc6 Ne6 46.
Ne7 Kg7 47. c6 Kf7 48. Nd5 Ke8 49. Nxf6+ Kd8 50. Nd5 Nd4 51. c7+ Kd7 52. g5 Ne6
53. g6 Ng7 54. Ke3 1-0

[Event "ODJM A 2017"]
[Site "Willingen GER"]
[Date "2017.06.10"]
[Round "9"]
[White "Kolb, Tobias"]
[Black "Reindl, Knut"]
[Result "1/2-1/2"]
[Termination "normal"]
[Board "56"]
[WhiteElo "1656"]
[BlackElo "1687"]
[PlyCount "50"]
[WhiteFideId "12992321"]
[BlackFideId "12946753"]
[EventCountry "GER"]
[EventRounds "9"]
[EventType "swiss"]
[EventDate "2017.06.03"]

1. e4 c5 2. Nc3 g6 3. g3 Bg7 4. Bg2 Nc6 5. d3 e6 6. Nge2 Nge7 7. Be3 b6 8. O-O
O-O 9. Qd2 Bb7 10. Bh6 d5 11. Bxg7 Kxg7 12. exd5 Nxd5 13. Nxd5 exd5 14. d4 cxd4
15. Nxd4 Qf6 16. Rad1 Nxd4 17. Qxd4 Qxd4 18. Rxd4 Rac8 19. c4 Rfe8 20. Bxd5
Bxd5 21. cxd5 Red8 22. d6 Rd7 23. Re1 Kf6 24. g4 Rcd8 25. Red1 Ke6 1/2-1/2